Bayer 04 Leverkusen Meister Quiz #2 - Statistiken

Allgemein
  • Dieses Quiz wurde 90 mal gespielt
    49 seit der letzten Aktualisierung
  • Das Durchschnittsergebnis liegt bei 6 aus 12
Antwortstatistiken
Fußball-Club % Korrekt
FC Bayern München
100%
Borussia Dortmund
92%
VfB Stuttgart
76%
RB Leipzig
71%
Eintracht Frankfurt
47%
SC Freiburg
47%
TSG 1899 Hoffenheim
47%
1. FC Heidenheim
39%
FC Augsburg
34%
VfL Wolfsburg
29%
SV Darmstadt 1898
26%
1. FSV Mainz 05
21%
Keine übereinstimmenden Quizze gefunden
Verteilung der Resultate
Anzahl Personen mit jedem Resultat
Perzentil nach korrekt beantworteten Fragen
Ihre Resultats-Entwicklung
Sie haben dieses Quiz seit der letzten Aktualisierung nicht gespielt